000 00747nam a2200277 i 4500
001 bgj
100 1 _aSWIFT, Jonathan
_d(1667-1745)
245 1 0 _aGulliver's Travels /
_cJonathan Swift.
260 _aWilkes-Barre, Pa :
_bEducation Publisher,
_cc. 1966.
300 _a219 pp ;
_c18 cm.
490 1 _aSchool Classics
650 9 _aFantasy fiction
650 9 _aImaginary societes
_yEarly works to 1800
650 9 _aTravelers
650 9 _aSatire
650 9 _aUtopian
650 9 _aUtopias
650 9 _aImaginary |Voyages
_yEarly works to 1800
650 9 _aVoyages and travels
655 _aFiction
830 _aSchool Classics
040 _cBPK
041 0 _aeng
942 _cKS
008 s uk f |000 0 eng
999 _c48777
_d48777